| 000 | 00522cam a2200205ua 4500 | ||
|---|---|---|---|
| 001 | 11144 | ||
| 008 | 190906n ii |||gr||||Z||||||eng | ||
| 020 | _a9789332585539 | ||
| 040 | _cMAIN | ||
| 041 | _aeng | ||
| 082 | _a338.9 | ||
| 100 |
_aMichael P Todaro, _eAuthor., |
||
| 245 |
_aEconomic development _cBy Michael P Todaro and Stephen C Smith |
||
| 250 | _a12th ed. | ||
| 260 |
_aUttar pradesh: _bPearson, _c2018. |
||
| 300 | _a860p. | ||
| 653 | _aProduction | ||
| 700 |
_aStephen C Smith, _eAuthor. |
||
| 942 | _cBK | ||
| 999 |
_c10007 _d10007 |
||